[Event "COL-chT"]
[Site "Risaralda"]
[Date "2023.11.21"]
[Round "4.4"]
[White "Rojas, Carlos Andres"]
[Black "Hernandez, Esneyder"]
[Result "1-0"]
[WhiteElo "1697"]
[BlackElo "1822"]
[PlyCount "103"]
[EventDate "2023.11.19"]
[EventType "team-swiss"]
[EventRounds "7"]
[EventCountry "COL"]
[SourceTitle "CB49_2023"]
[SourceDate "2023.12.06"]
[SourceVersion "1"]
[SourceVersionDate "2023.12.06"]
[SourceQuality "1"]
[WhiteTeam "Quindio"]
[BlackTeam "Huila"]
[WhiteTeamCountry "COL"]
[BlackTeamCountry "COL"]

1. c4 Nf6 2. g3 g6 3. Bg2 Bg7 4. Nc3 c5 5. Nf3 Nc6 6. 0-0 0-0 7. d3 d6 8. Rb1 Bd7 9. a3 Rb8 10. b4 b6 11. Ne1 Ng4 12. Bd2 h5 13. Nc2 Nce5 14. b5 Bc8 15. h3 Nf6 16. f4 Ned7 17. e4 Bb7 18. Ne3 e6 19. Qe2 Re8 20. Rf2 Qc7 21. g4 hxg4 22. hxg4 Rbd8 23. Rbf1 Nf8 24. Bf3 Rd7 25. g5 N6h7 26. Bg4 f5 27. Bf3 Bd4 28. exf5 exf5 29. Bd5+ Bxd5 30. Ncxd5 Qd8 31. Qf3 Re6 32. Kg2 Qe8 33. Re2 Qf7 34. Rfe1 Rd8 35. Bc3 Bxc3 36. Nxc3 Rde8 37. a4 Nd7 38. Ncd5 Kg7 39. Nc7 Rxe3 40. Rxe3 Rxe3 41. Qxe3 Ne5 42. Nd5 Ng4 43. Qe7 Nf8 44. Qxf7+ Kxf7 45. Re7+ Kg8 46. Rxa7 Ne6 47. a5 bxa5 48. b6 Nd4 49. b7 Nc6 50. Ne7+ Nxe7 51. b8Q+ Kf7 52. Qxd6 1-0

[Event "Pereira Gildardo Garcia Memorial-B"]
[Site "Pereira"]
[Date "2022.05.22"]
[Round "8"]
[White "Jimenez Rios, Manuel David"]
[Black "Rojas, Carlos Andres"]
[Result "0-1"]
[WhiteElo "1344"]
[BlackElo "1786"]
[PlyCount "52"]
[EventDate "2022.05.18"]
[EventType "swiss"]
[EventRounds "9"]
[EventCountry "COL"]
[SourceTitle "CBM 208 Extra"]
[Source "ChessBase"]
[SourceDate "2022.07.31"]
[SourceVersion "1"]
[SourceVersionDate "2022.07.31"]
[SourceQuality "1"]

1. e4 e5 2. f4 d5 3. exd5 e4 4. Nc3 Nf6 5. Bc4 c6 6. dxc6 Nxc6 7. Nge2 Bc5 8. Ng3 0-0 9. b3 Ng4 10. Ngxe4 Re8 11. Kf1 Rxe4 12. Nxe4 Ne3+ 13. Ke2 Nxd1 14. Nxc5 Bg4+ 15. Kf1 Qd4 16. Nd3 Qxa1 17. h3 Bf5 18. Ke2 Bxd3+ 19. Bxd3 Qxc1 20. Rxd1 Re8+ 21. Kf2 Qxd1 22. Kg3 Qxd2 23. a4 Re3+ 24. Kh2 Nd4 25. Be4 Rxe4 26. Kg3 Qxf4# 0-1

[Event "Pereira Gildardo Garcia Memorial-B"]
[Site "Pereira"]
[Date "2022.05.22"]
[Round "9"]
[White "Rojas, Carlos Andres"]
[Black "Angulo Ricardo, Milton"]
[Result "1/2-1/2"]
[WhiteElo "1786"]
[BlackElo "1524"]
[PlyCount "83"]
[EventDate "2022.05.18"]
[EventType "swiss"]
[EventRounds "9"]
[EventCountry "COL"]
[SourceTitle "CBM 208 Extra"]
[Source "ChessBase"]
[SourceDate "2022.07.31"]
[SourceVersion "1"]
[SourceVersionDate "2022.07.31"]
[SourceQuality "1"]

1. e4 e5 2. Nf3 Nc6 3. Bb5 a6 4. Ba4 Nf6 5. 0-0 d6 6. d4 b5 7. Bb3 Be7 8. dxe5 dxe5 9. Bd5 Nxd5 10. exd5 Nb4 11. Nxe5 Bb7 12. Nc3 0-0 13. Bf4 Nxd5 14. Nxd5 Bxd5 15. Qg4 Be6 16. Qg3 Bf6 17. Rad1 Qe7 18. Rfe1 Qe8 19. Nd7 Bxb2 20. c3 Kh8 21. Nxf8 Qxf8 22. Bxc7 Rc8 23. Re2 Ba3 24. Red2 Be7 25. Be5 a5 26. Bd6 h6 27. Bxe7 Qxe7 28. h3 Qf6 29. Rb2 b4 30. Rc2 b3 31. axb3 Bxb3 32. Rdc1 Bxc2 33. Rxc2 a4 34. Qg4 Qc6 35. Qb4 Re8 36. Rc1 Rc8 37. Ra1 Qf6 38. Rxa4 Rxc3 39. Ra8+ Kh7 40. Qe4+ g6 41. g3 Rf3 42. Qe8 1/2-1/2

[Event "Manizales Las Americas blitz op"]
[Site "Manizales"]
[Date "2021.10.23"]
[Round "9"]
[White "Pacheco, Juan Diego"]
[Black "Rojas, Carlos Andres"]
[Result "0-1"]
[WhiteElo "1750"]
[BlackElo "1661"]
[PlyCount "49"]
[EventDate "2021.10.23"]
[EventType "swiss (blitz)"]
[EventRounds "11"]
[EventCountry "COL"]
[SourceTitle "CBM 205 Extra"]
[Source "ChessBase"]
[SourceDate "2022.01.31"]
[SourceVersion "1"]
[SourceVersionDate "2022.01.31"]
[SourceQuality "1"]

1. c4 c6 2. g3 d5 3. cxd5 cxd5 4. Bg2 Nf6 5. Nf3 Nc6 6. a3 e5 7. d3 Bc5 8. 0-0 0-0 9. b4 Bb6 10. Bb2 e4 11. dxe4 Nxe4 12. Nc3 Be6 13. Rc1 Qe7 14. Qa4 Rac8 15. Rfd1 Nxf2 16. Kf1 Nxd1 17. Rxd1 d4 18. Nb5 Bc4 19. Rd2 Rfe8 20. Nfxd4 Qf6+ 21. Nf3 Qg6 22. Nc3 Ne5 23. Nxe5 Rxe5 24. b5 Qe6 25. Rc2 0-1

[Event "Manizales Las Americas blitz op"]
[Site "Manizales"]
[Date "2021.10.23"]
[Round "10"]
[White "Pereira Vera, Henry Alberto"]
[Black "Rojas, Carlos Andres"]
[Result "0-1"]
[WhiteElo "1832"]
[BlackElo "1661"]
[PlyCount "71"]
[EventDate "2021.10.23"]
[EventType "swiss (blitz)"]
[EventRounds "11"]
[EventCountry "COL"]
[SourceTitle "CBM 205 Extra"]
[Source "ChessBase"]
[SourceDate "2022.01.31"]
[SourceVersion "1"]
[SourceVersionDate "2022.01.31"]
[SourceQuality "1"]

1. b3 d5 2. Bb2 c6 3. c4 Nf6 4. Nf3 Bf5 5. e3 e6 6. Be2 Nbd7 7. 0-0 Bd6 8. Nc3 0-0 9. Nh4 Rc8 10. Nxf5 exf5 11. Qc2 Ne4 12. d3 Ng5 13. f4 Ne6 14. Rf3 Nf6 15. Rg3 d4 16. Nd1 c5 17. exd4 Bxf4 18. Rf3 cxd4 19. g3 Bb8 20. Rxf5 a6 21. Nf2 b5 22. Ne4 Nxe4 23. dxe4 bxc4 24. Bxc4 Qb6 25. Qf2 Ba7 26. Rd1 Qd6 27. Rd5 Qe7 28. Qf5 Qb7 29. Kh1 Rxc4 30. bxc4 Qxb2 31. Rf1 d3 32. Rd7 Nd4 33. Qd5 Ne6 34. Rxa7 Qe2 35. Rg1 Qf3+ 36. Rg2 0-1

[Event "Manizales Las Americas blitz op"]
[Site "Manizales"]
[Date "2021.10.23"]
[Round "6"]
[White "Rojas, Carlos Andres"]
[Black "Villamizar, Diego Fernando"]
[Result "0-1"]
[WhiteElo "1661"]
[BlackElo "2034"]
[PlyCount "108"]
[EventDate "2021.10.23"]
[EventType "swiss (blitz)"]
[EventRounds "11"]
[EventCountry "COL"]
[SourceTitle "CBM 205 Extra"]
[Source "ChessBase"]
[SourceDate "2022.01.31"]
[SourceVersion "1"]
[SourceVersionDate "2022.01.31"]
[SourceQuality "1"]

1. c4 Nf6 2. Nc3 g6 3. g3 Bg7 4. Bg2 0-0 5. e3 c6 6. Nge2 d5 7. cxd5 cxd5 8. d4 Nc6 9. 0-0 h6 10. Nf4 e6 11. Nd3 a6 12. b3 Bd7 13. Ba3 Re8 14. Rc1 b6 15. Na4 Rb8 16. Qe2 Ne4 17. f3 Nf6 18. Rc2 Ne7 19. Rfc1 Bxa4 20. bxa4 Rc8 21. Ne5 Rxc2 22. Rxc2 Nf5 23. Kf2 Qa8 24. g4 Ne7 25. e4 dxe4 26. fxe4 Bf8 27. Nxf7 Kxf7 28. e5 Nfd5 29. Qd2 Kg7 30. Bc1 Kh7 31. Rc3 b5 32. Rh3 Ng8 33. g5 h5 34. Be4 Kg7 35. Rc3 Nge7 36. Rh3 Nf5 37. Rf3 bxa4 38. Qa5 Bb4 39. Bxd5 Bxa5 40. Bxa8 Rxa8 41. Ra3 Bb6 42. Rxa4 Bxd4+ 43. Kf3 Bxe5 44. Rc4 a5 45. a4 Rb8 46. Bf4 Bxf4 47. Kxf4 Rb4 48. Rxb4 axb4 49. a5 b3 50. a6 b2 51. a7 b1Q 52. a8Q Qb4+ 53. Ke5 Qd4+ 54. Kxe6 Qd6# 0-1

[Event "Manizales Las Americas blitz op"]
[Site "Manizales"]
[Date "2021.10.23"]
[Round "4"]
[White "Zuleta, Juan Esteban"]
[Black "Rojas, Carlos Andres"]
[Result "1-0"]
[WhiteElo "1778"]
[BlackElo "1661"]
[PlyCount "65"]
[EventDate "2021.10.23"]
[EventType "swiss (blitz)"]
[EventRounds "11"]
[EventCountry "COL"]
[SourceTitle "CBM 205 Extra"]
[Source "ChessBase"]
[SourceDate "2022.01.31"]
[SourceVersion "1"]
[SourceVersionDate "2022.01.31"]
[SourceQuality "1"]

1. e4 c5 2. Nf3 g6 3. d4 cxd4 4. Qxd4 Nf6 5. Bb5 Nc6 6. Bxc6 bxc6 7. e5 Nd5 8. c4 Nc7 9. e6 f6 10. exd7+ Qxd7 11. Qe3 Bg7 12. 0-0 0-0 13. Nc3 e6 14. Rd1 Qe7 15. b3 e5 16. Ba3 Qf7 17. Ne4 Bg4 18. h3 Bxf3 19. Qxf3 f5 20. Nc5 Rfd8 21. Qxc6 e4 22. Rac1 Rac8 23. Nb7 Re8 24. Nd6 Qe6 25. Qb7 e3 26. fxe3 Qxe3+ 27. Kh1 Be5 28. Re1 Qf4 29. Rxe5 Rxe5 30. Qxc8+ Ne8 31. Nxe8 Re2 32. Nf6+ Kg7 33. Qf8# 1-0

[Event "Pereira Easter op"]
[Site "Pereira"]
[Date "2021.04.04"]
[Round "6"]
[White "Salazar Grisales, Juan Jose"]
[Black "Rojas, Carlos Andres"]
[Result "1/2-1/2"]
[WhiteElo "1860"]
[BlackElo "1946"]
[PlyCount "60"]
[EventDate "2021.04.01"]
[EventType "swiss"]
[EventRounds "7"]
[EventCountry "COL"]
[SourceTitle "EXT 2022"]
[Source "ChessBase"]
[SourceDate "2021.10.06"]
[SourceVersion "1"]
[SourceVersionDate "2021.10.06"]
[SourceQuality "1"]

1. d4 d6 2. Nf3 g6 3. g3 Bg7 4. Bg2 Nf6 5. 0-0 0-0 6. Nc3 d5 7. Bf4 c6 8. Qc1 Re8 9. a4 b6 10. Ne5 Bb7 11. a5 bxa5 12. Rd1 Nbd7 13. Nxd7 Nxd7 14. Na4 Rc8 15. Bh3 Bxd4 16. Rxd4 e5 17. Bxe5 Rxe5 18. Rh4 h5 19. Qd2 c5 20. e3 Rc7 21. Qxa5 Nf6 22. Nxc5 Qe7 23. Nxb7 Rxb7 24. b3 d4 25. Qa3 dxe3 26. Qxe7 exf2+ 27. Kxf2 Rbxe7 28. Rf4 Re2+ 29. Kg1 Nd5 30. Rf2 Nc3 1/2-1/2

[Event "Pereira Easter op"]
[Site "Pereira"]
[Date "2021.04.02"]
[Round "2"]
[White "Rojas, Carlos Andres"]
[Black "Soto Ramirez, Andres Camilo"]
[Result "0-1"]
[WhiteElo "1946"]
[BlackElo "1222"]
[PlyCount "96"]
[EventDate "2021.04.01"]
[EventType "swiss"]
[EventRounds "7"]
[EventCountry "COL"]
[SourceTitle "EXT 2022"]
[Source "ChessBase"]
[SourceDate "2021.10.06"]
[SourceVersion "1"]
[SourceVersionDate "2021.10.06"]
[SourceQuality "1"]

1. c4 e5 2. g3 g6 3. Bg2 Bg7 4. Nc3 Nc6 5. Nf3 f5 6. d3 Nf6 7. 0-0 d6 8. Rb1 0-0 9. b4 h6 10. b5 Ne7 11. a4 Be6 12. c5 Rc8 13. Ne1 b6 14. c6 g5 15. e3 Ng6 16. Nc2 f4 17. Nb4 Qe7 18. Nbd5 Nxd5 19. Nxd5 Qf7 20. Nc3 f3 21. Bh1 Qf5 22. Rb4 h5 23. Qd2 d5 24. e4 dxe4 25. Nxe4 g4 26. Qg5 Rcd8 27. Rd1 Rd5 28. Qxf5 Bxf5 29. Bg5 Bxe4 30. Rxe4 Bf6 31. Bxf6 Rxf6 32. h3 Rd4 33. hxg4 Rxe4 34. dxe4 hxg4 35. Rd8+ Nf8 36. Ra8 Rd6 37. Rxa7 Ne6 38. a5 bxa5 39. Rxa5 Rd4 40. b6 cxb6 41. Rxe5 Kf7 42. Rb5 Rxe4 43. Rxb6 Rc4 44. Kh2 Ng5 45. Rb7+ Ke6 46. c7 Rc2 47. Rb4 Rxf2+ 48. Kg1 Nh3# 0-1

[Event "Medellin Amateur 17th"]
[Site "Medellin"]
[Date "2010.08.06"]
[Round "5.13"]
[White "Renteria Rodriguez, Henry"]
[Black "Rojas, Carlos Andres"]
[Result "1-0"]
[WhiteElo "1596"]
[BlackElo "1669"]
[PlyCount "65"]
[EventDate "2010.08.04"]
[EventType "swiss"]
[EventRounds "9"]
[EventCountry "COL"]
[SourceTitle "EXT 2024"]
[Source "ChessBase"]
[SourceDate "2023.10.10"]
[SourceVersion "1"]
[SourceVersionDate "2023.10.10"]
[SourceQuality "1"]

1. d4 Nf6 2. Nf3 d6 3. c4 g6 4. Nc3 Bg7 5. e4 0-0 6. Be2 c5 7. d5 e6 8. dxe6 fxe6 9. 0-0 Nc6 10. Bg5 a6 11. Qd2 Qc7 12. Rad1 Ne8 13. Bh6 Nd4 14. Nxd4 cxd4 15. Bxg7 dxc3 16. Bxc3 Bd7 17. Qd4 e5 18. Qd5+ Rf7 19. c5 Nf6 20. Qxd6 Qxd6 21. cxd6 Bc6 22. Bc4 Nxe4 23. Bxe5 Rd8 24. b4 Kf8 25. Bxf7 Kxf7 26. Rfe1 Rd7 27. h4 Nf6 28. Bxf6 Kxf6 29. f3 Bb5 30. Kf2 Ba4 31. Rd4 Bc6 32. Rf4+ Kg7 33. Re7+ 1-0

[Event "Manizales op 20th"]
[Site "Manizales"]
[Date "2008.01.13"]
[Round "6"]
[White "Palomino, Dario"]
[Black "Rojas, Carlos Andres"]
[Result "0-1"]
[WhiteElo "1772"]
[BlackElo "1608"]
[PlyCount "78"]
[EventDate "2008.01.10"]
[EventType "swiss"]
[EventRounds "7"]
[EventCountry "COL"]
[SourceTitle "EXT 2010"]
[Source "ChessBase"]
[SourceDate "2010.11.25"]
[SourceVersion "1"]
[SourceVersionDate "2010.11.25"]
[SourceQuality "1"]

1. e4 e6 2. d3 d5 3. Nd2 Nf6 4. g3 c5 5. Ngf3 Nc6 6. Bg2 Be7 7. 0-0 0-0 8. Re1 Re8 9. e5 Nd7 10. Nf1 Qc7 11. Qe2 f6 12. exf6 Bxf6 13. c3 Nf8 14. h4 e5 15. Ng5 e4 16. dxe4 d4 17. Qc4+ Ne6 18. cxd4 Bxd4 19. a3 h6 20. Nxe6 Bxe6 21. Qc2 Rad8 22. Bf4 Qb6 23. Be3 Bb3 24. Qe2 Ne5 25. Nd2 Bc2 26. Nc4 Qb3 27. Nxe5 Bxe5 28. Rac1 Bd3 29. Qd1 Qxb2 30. Bxc5 b6 31. Be3 Qxa3 32. Qh5 Bc3 33. Red1 Re6 34. Qg4 Red6 35. Bf4 Rf6 36. e5 Rg6 37. Qf3 Bd4 38. h5 Re6 39. Rxd3 Bxf2+ 0-1

[Event "Manizales op 20th"]
[Site "Manizales"]
[Date "2008.01.12"]
[Round "5"]
[White "Rojas, Carlos Andres"]
[Black "Lizarazo, Juan Carlos"]
[Result "0-1"]
[WhiteElo "1608"]
[BlackElo "2124"]
[PlyCount "26"]
[EventDate "2008.01.10"]
[EventType "swiss"]
[EventRounds "7"]
[EventCountry "COL"]
[SourceTitle "EXT 2010"]
[Source "ChessBase"]
[SourceDate "2010.11.25"]
[SourceVersion "1"]
[SourceVersionDate "2010.11.25"]
[SourceQuality "1"]

1. e4 c5 2. Nf3 Nc6 3. d4 cxd4 4. Nxd4 Nf6 5. Nc3 Qc7 6. Be2 e6 7. 0-0 a6 8. Be3 b5 9. a3 Bb7 10. Bd3 h5 11. f4 Ng4 12. Qc1 Nxe3 13. Qxe3 Nxd4 0-1